Henry IV: Part One (Запис № 280744)

МАРК-запис
000 -Лідер
fixed length control field 01128nam a22002657a 4500
001 - Контрольний номер
control field 216219491
003 - Ідентифікатор контрольного номера
control field UA-OsUOA
005 - Дата та час останнього входження (трансакції)
control field 20201021110447.0
008 - Елементи даних фіксованої довжини – загальна інформація
fixed length control field 201021b -uk||||g |||| 00| d eng d
020 ## - Міжнародний стандартний книжковий номер (ISBN)
Міжнародний стандартний книжковий номер (ISBN) (НП) 9780140707182
040 ## - Джерело каталогізації
Агенція оригінальної каталогізації UA-OsUOA
Мова каталогізації ukr
Агенція, яка здійснювала перезапис UA-OsUOA
Агенція, яка здійснювала модифікацію UA-OsUOA
041 ## - Код мови
Код мови тексту/ звукової доріжки чи окремого заголовка (П) eng
080 ## - Індекс Універсальної десяткової класифікації
Індекс Універсальної десяткової класифікації (УДК) (НП) 821.111
090 ## - Локальний шифр розміщення
Класифікаційний індекс УДК 821.111
Авторський знак (НП) S53
100 ## - Основне введення – ім’я особи
Ім’я особи (НП) Shakespeare W.
245 ## - Відомості про назву
Назва (НП) Henry IV: Part One
Дані про відповідальність (НП) William Shakespeare ; edited by P. H. Davison
260 ## - Публікація, розповсюдження і т.п. (Вихідні дані)
Місце публікації, розповсюдження і т.п. (П) London
Ім’я/ наймення видавництва, розповсюджувача і т.п. (П) Penguin Books
Дата публікації, розповсюдження і т.п. (П) 1996
300 ## - Фізичний опис
Обсяг 256 p.
490 ## - Область серії
Назва серії The New Penguin Shakespeare
520 ## - Резюме і т.п.
Резюме, реферат, анотація, тощо (НП) The main plot of Henry IV, Part 1 deals with a Scottish challenge to King Henry IV led by Henry Percy ("Hotspur"), the son of the Earl of Northumberland. But just as important to the play is the subplot, consisting of several comic scenes in the Boars Head Tavern in Eastcheap in which Prince Hal, the heir to the thrown, carouses with his lowlife friends Poins, Jack Falstaff, Bardolph, and Francis the Page.
650 ## - Додаткове предметне введення – тематичний термін
Тематичний термін чи географічна назва, як елемент введення (НП) 821.111 Англійська література
Джерело заголовка чи терміна UDC
700 1# - Додаткове введення – ім'я особи
Ім’я особи (НП) Davison P. H.
942 ## - Додаткові елементи входу (Коха)
Source of classification or shelving scheme Universal Decimal Classification
Тип елемента Koha Книги
955 ## - Код типу видання за змістом
Код типу видання за змістом (НП) Літературно-художні видання
Фонди
Стан вилучень Стан втрат Джерело класифікації або схеми стелажів Стан уражень Не для кредиту Постійне місце розташування Поточне розміщення Дата придбання Джерело придбання Кодування класифікатора місцеположення Вартість, звичайна ціна покупки Повний номер виклику Штрих-код Дата останнього перегляду Вартість, ціна заміни Ціна ефективна від Тип елемента Koha
    Universal Decimal Classification     ВІЛ - Відділ іноземн. літератури НБ ВІЛ - Відділ іноземн. літератури НБ 08/08/2005 №87 I26 33.00 821.111 S53 206428 23/11/2021 33.00 12/09/2001 Книги
    Universal Decimal Classification     ВІЛ - Відділ іноземн. літератури НБ ВІЛ - Відділ іноземн. літератури НБ 08/08/2005 №87 I26 33.00 821.111 S53 206429 23/11/2021 33.00 12/09/2001 Книги
    Universal Decimal Classification     ВІЛ - Відділ іноземн. літератури НБ ВІЛ - Відділ іноземн. літератури НБ 08/08/2005 №87 I26 33.00 821.111 S53 206430 06/12/2021 33.00 12/09/2001 Книги
    Universal Decimal Classification     ВІЛ - Відділ іноземн. літератури НБ ВІЛ - Відділ іноземн. літератури НБ 08/08/2005 №87 I26 33.00 821.111 S53 206431 23/11/2021 33.00 12/09/2001 Книги
    Universal Decimal Classification     ВІЛ - Відділ іноземн. літератури НБ ВІЛ - Відділ іноземн. літератури НБ 08/08/2005 №87 I26 33.00 821.111 S53 206432 23/11/2021 33.00 12/09/2001 Книги